Handbook of electric tables and design criteria

The book features tables and data for aluminum and cooper conductors; calculation forms for voltage drop and derating of conductors; circuit design data for three-phase motors and transformers; data for power factor correction; NEMA ratings for enclosures; fault-current tables, data, and calculation...

সম্পূর্ণ বিবরণ

সংরক্ষণ করুন:
গ্রন্থ-পঞ্জীর বিবরন
প্রধান লেখক: Christoffer, V. F.
বিন্যাস: গ্রন্থ
ভাষা:Undetermined
প্রকাশিত: New York McGraw-Hill 1998
বিষয়গুলি:
ট্যাগগুলো: ট্যাগ যুক্ত করুন
কোনো ট্যাগ নেই, প্রথমজন হিসাবে ট্যাগ করুন!
Thư viện lưu trữ: Trung tâm Học liệu Trường Đại học Cần Thơ
LEADER 00898nam a2200229Ia 4500
001 CTU_35516
008 210402s9999 xx 000 0 und d
020 |b 812.000đ 
020 |c 812000 
082 |a 621.3021 
082 |b C556 
100 |a Christoffer, V. F. 
245 0 |a Handbook of electric tables and design criteria 
245 0 |c V. F. Christoffer 
260 |a New York 
260 |b McGraw-Hill 
260 |c 1998 
520 |a The book features tables and data for aluminum and cooper conductors; calculation forms for voltage drop and derating of conductors; circuit design data for three-phase motors and transformers; data for power factor correction; NEMA ratings for enclosures; fault-current tables, data, and calculation forms. 
650 |a Electric engineering 
650 |x Tables 
904 |i Minh, QHieu 
980 |a Trung tâm Học liệu Trường Đại học Cần Thơ